000 00623nam a2200229Ia 4500
003 ARRUPE
005 20150818140311.0
008 130307s9999 xx 000 0 und d
040 _cARRUPELIB
050 _aBT765.T54G555 1944
100 _aGilson, Etienne
_918636
245 _aLe Thomisme
245 _bintroduction a la philosophie de saint Thomas D'Aquin
260 _aParis
260 _bLibraririe Philosophique J. Vrin
260 _c1944
300 _a552p.
300 _b23 cm.
650 _bWorld council of churches
_918637
650 _cChurch and social problems
_918638
942 _2lcc
_cMONOGRAPH
999 _c101695
_d101695